Fictional Characters by Pictures - S - Statistics

General Stats
  • This quiz has been taken 56 times
  • The average score is 11 of 25
Answer Stats
Picture Answer % Correct
Spongebob Squarepants
98%
Sonic
94%
Snow White
91%
Squidward
80%
Sandy
76%
Sleepy
76%
Sebastian
70%
Sherlock Holmes
67%
Sneezy
59%
Slenderman
52%
Skipper
39%
Squilliam
37%
Sabrina
33%
Sam Puckett
33%
Sun Baby
33%
Serena van der Woodsen
26%
Sokka
26%
Spencer Shay
24%
Stacy
22%
Spencer Hastings
17%
Stella
17%
Samara Morgan
9%
Sid Jenkins
9%
Sonny Munroe
9%
Sana
4%
No matching quizzes found
Score Distribution
Percent of People with Each Score
Percentile by Number Answered
Your Score History
You have not taken this quiz